000 00450nam a2200205Ia 4500
001 12031
003 GE_BSU
008 181216s||||||||xx |||||||||||||| ||und||
020 _a9780747270737
040 _cGE_BSU
080 _a821.111-312.4
100 _aKoontz,Dean
245 _aBy the light of the moon
260 _aLondon
260 _bBCA.
260 _c2002.
300 _a373p;20cm.
653 _aBy the light of the moon
942 _cBK
999 _c45208
_d45208